[Event "Stuttgart-chB int"]
[Site "Ditzingen"]
[Date "2014.05.30"]
[Round "5"]
[White "Helmich, Joerg"]
[Black "Fuerderer, Carl"]
[Result "0-1"]
[WhiteElo "1749"]
[BlackElo "1547"]
[PlyCount "80"]
[EventDate "2014.05.29"]
[EventType "swiss"]
[EventRounds "7"]
[EventCountry "GER"]
[SourceTitle "EXT 2015"]
[Source "ChessBase"]
[SourceDate "2014.11.20"]
[SourceVersion "1"]
[SourceVersionDate "2014.11.20"]
[SourceQuality "1"]

1. d4 d5 2. c4 e6 3. Nf3 Nc6 4. e3 Nf6 5. Nc3 b6 6. Bd3 dxc4 7. Bxc4 Be7 8. 0-0 0-0 9. a3 Bb7 10. b4 Bd6 11. Bb2 Ne7 12. Re1 Ned5 13. Nxd5 Nxd5 14. e4 Nf4 15. e5 Be7 16. Bf1 Qd7 17. g3 Nd5 18. Bg2 Rad8 19. Rc1 Qc8 20. Qc2 Rd7 21. Nd2 Qa8 22. Ne4 Rfd8 23. Nc3 Nxb4 24. Bxb7 Nxc2 25. Bxa8 Nxe1 26. Bc6 Nd3 27. Rc2 Nxb2 28. Bxd7 Rxd7 29. Rxb2 c6 30. Ne2 Bxa3 31. Rc2 c5 32. dxc5 Bxc5 33. Nc3 h6 34. Ne4 Rd5 35. Nxc5 Rxc5 36. Ra2 a5 37. Rb2 b5 38. f4 a4 39. Kf1 a3 40. Rb3 a2 0-1

[Event "Wuerttemberg-ch U14"]
[Site "Friedrichshafen"]
[Date "2005.03.29"]
[Round "1"]
[White "Fuerderer, Carl"]
[Black "Bertram, Jens"]
[Result "0-1"]
[WhiteElo "1231"]
[BlackElo "1512"]
[PlyCount "58"]
[EventDate "2005.03.29"]
[EventType "swiss"]
[EventRounds "7"]
[EventCountry "GER"]
[SourceTitle "EXT 2007"]
[Source "ChessBase"]
[SourceDate "2006.11.23"]
[SourceVersion "1"]
[SourceVersionDate "2006.11.23"]
[SourceQuality "1"]

1. e4 c5 2. Nc3 d6 3. Nf3 a6 4. a3 e6 5. Bc4 b5 6. Ba2 Bb7 7. d3 d5 8. exd5 exd5 9. Qe2+ Be7 10. Bf4 Nf6 11. 0-0 0-0 12. Rfe1 Re8 13. Ne5 Nbd7 14. Qf3 Nb6 15. Rab1 Bd6 16. b4 cxb4 17. axb4 Qc7 18. d4 Rac8 19. Re3 Re7 20. Nd3 Rxe3 21. Qxe3 Bxf4 22. Nxf4 Qxc3 23. Qxc3 Rxc3 24. Bb3 Rc8 25. Re1 Re8 26. Rxe8+ Nxe8 27. c3 Nf6 28. Kf1 Ne4 29. Ne2 Nd2+ 0-1